000 00665nas a2200229 4500
001 BR8304482
003 BR-BrBNA
005 20231205085656.0
007 ta
008 230509b bl.|||p| |||| 00| 00por d
040 _aBR-BrBNA
_bpor
_cBiblioteca Nacional de Agricultura
041 _a(Pt)
072 _aN10
100 1 _aFigueiredo, F.
245 1 _aA necessidade do estoque [armazem, frigorifico, Brasil]
650 _aFRIGORIFICO
650 _aARMAZEM
650 _aAUTOMACAO
773 0 _tAvicultura Industrial (Brazil)
_xISSN 0101-2258
_g(Oct 1983), v. 73(886) p. 74-84
_wBR8304482
909 _a202311
_bLúcia
_c55
_dLúcia Elande
942 _2AGRIS
_n0
_cANA
999 _c112992
_d112992